000 00624nam a2200265Ia 4500
001 Z_5009
003 CHAP
008 220113s1996 xx 000 0 und d
010 _a168065
020 _a968-884-393-8
040 _cCHAP
082 _a861.64 R67 Q56
100 _aRosas Galicia, Rolando
_9100013
245 _aQuimeras /
_cRolando Rosas Galicia
260 _aMéxico :
_bUniversidad Autónoma Chapingo,
_c1996
300 _a77 p.
503 _aej.1:
650 _aPoesía mexicana
_990146
901 _a861.64 R67 Q56
902 _aM
910 _a1996
942 _c1
942 _cc1
999 _c168065
_d168065